Spôsoby zisťovania hlbokoťažnosti plechov, simulácia a modelovanie technologických proesov ťahania : Diplomová práca

Salvato in:
Dettagli Bibliografici
Autore principale: Mojzes, Dávid (Autore)
Altri autori: Bača, Jozef, 1935- (xxx)
Natura: Manoscritto Libro
Lingua:slovacco
Pubblicazione: Trnava : STU v Bratislave MtF KTv, 2006
Soggetti:
Tags: Aggiungi Tag
Nessun Tag, puoi essere il primo ad aggiungerne!!

MARC

LEADER 00000ntm a22000003a 4500
001 stu121551
005 20160719155529.2
008 060621s2006----xo------------------slo-d
040 |a STU  |b slo 
041 0 |a slo 
044 |a xo 
100 1 |a Mojzes, Dávid  |4 aut 
245 1 |a Spôsoby zisťovania hlbokoťažnosti plechov, simulácia a modelovanie technologických proesov ťahania :  |b Diplomová práca 
260 |a Trnava :  |b STU v Bratislave MtF KTv,  |c 2006 
300 |a 76 s  |c 1 CD 
650 7 |a technológie strojárskej výroby  |2 stusub 
650 7 |a tvárnenie  |2 stusub 
650 7 |a ťahanie  |2 stusub 
700 1 |a Bača, Jozef,  |d 1935-  |4 xxx  |u M150  |U MTF Ústav výrobných technológií  |T MTF Katedra tvárnenia  |X 303  |U M150  |Y M150  |7 A000000303 
996 |b 284M073487  |c M*DP-6079  |l MMSKP  |s P  |a 0  |w stu121551_0001